| 000 | 00348nam a2200121Ia 4500 | ||
|---|---|---|---|
| 008 | 220216s9999 xx 000 0 und d | ||
| 100 | _aLowe J S | ||
| 245 | 0 | _aFormation of volatile fatty acids in ammonia-preserved natural latex concentrate | |
| 260 |
_bIRI Transactions _c1959 |
||
| 300 | _a18-Oct | ||
| 650 | _aVolatile fatty aicds | ||
| 942 | _cJS | ||
| 999 |
_c59543 _d59543 |
||